| Tag |
First Indicator |
Second Indicator |
Subfields |
| LEADER |
00000cam a2200000 a 4500 |
| 001 |
in00002191221 |
| 005 |
20151104073214.0 |
| 008 |
860331e1953 caua t 000 0 eng d |
| 035 |
|
|
|a (OCoLC)ocm13365065
|
| 040 |
|
|
|a AFM
|c AFM
|d TXA
|d UtOrBLW
|
| 043 |
|
|
|a n-us-or
|
| 049 |
|
|
|a TXAM
|
| 090 |
|
|
|a GC205
|b .M64 1953
|
| 100 |
1 |
|
|a Moffitt, Francis H.
|
| 245 |
1 |
0 |
|a Analysis of non-uniform, short-crested ocean waves for depth determination :
|b based on the wave velocity method, from timed vertical photographs taken over Clatsop Spit, Oregon /
|c by F.H. Moffitt.
|
| 264 |
|
1 |
|a Berkeley :
|b University of California, Institute of Engineering Research, College of Engineering, Waves Research Laboratory,
|c 1953.
|
| 300 |
|
|
|a 1 unnumbered page, 9 pages, 6 unnumbered leaves :
|b illustrations ;
|c 27 cm.
|
| 336 |
|
|
|a text
|b txt
|2 rdacontent
|
| 337 |
|
|
|a unmediated
|b n
|2 rdamedia
|
| 338 |
|
|
|a volume
|b nc
|2 rdacarrier
|
| 490 |
1 |
|
|a Series 74 / University of California, Berkeley ;
|v issue 2
|
| 500 |
|
|
|a "September 1953."
|
| 650 |
|
0 |
|a Ocean waves
|z Oregon
|z Clatsop Spit.
|
| 650 |
|
0 |
|a Aerial photography.
|
| 710 |
2 |
|
|a University of California, Berkeley.
|b Wave Research Laboratory.
|
| 710 |
1 |
|
|a United States.
|b Office of Naval Research.
|
| 830 |
|
0 |
|a Technical report (University of California, Berkeley. Institute of Engineering Research) ;
|v ser. 74, issue 2.
|
| 948 |
|
|
|a cataloged
|b h
|c 2006/9/15
|d c
|e dmitchel
|f 1:50:30 pm
|
| 994 |
|
|
|a C0
|b TXA
|
| 999 |
|
|
|a MARS
|
| 999 |
f |
f |
|s 56fe4044-0a1e-3f7a-a791-567ff0a25ce0
|i 16094c67-4aaf-30c3-a0e6-ac5293b46b57
|t 0
|
| 952 |
f |
f |
|p ric
|a Texas A&M University
|b Rellis Campus
|c Joint Library Facility
|d Remote Storage
|t 0
|e GC205 .M64 1953
|h Library of Congress classification
|i unmediated -- volume
|m A14834683918
|
| 998 |
f |
f |
|a GC205 .M64 1953
|t 0
|l Remote Storage
|